<?xml version="1.0" encoding="UTF-8"?>
<record
    xmlns:xsi="http://www.w3.org/2001/XMLSchema-instance"
    xsi:schemaLocation="http://www.loc.gov/MARC21/slim http://www.loc.gov/standards/marcxml/schema/MARC21slim.xsd"
    xmlns="http://www.loc.gov/MARC21/slim">

  <leader>00982cam a2200253 a 4500</leader>
  <controlfield tag="001">79089</controlfield>
  <controlfield tag="003">BD-RjUL</controlfield>
  <controlfield tag="005">20220106120013.0</controlfield>
  <controlfield tag="008">211230s2002    bg            000 0dara d</controlfield>
  <datafield tag="035" ind1=" " ind2=" ">
    <subfield code="a">(BD-RjUL)79089</subfield>
  </datafield>
  <datafield tag="040" ind1=" " ind2=" ">
    <subfield code="a">NNL</subfield>
    <subfield code="b">eng</subfield>
    <subfield code="c">BD-RjUL</subfield>
  </datafield>
  <datafield tag="041" ind1="0" ind2=" ">
    <subfield code="a">ara</subfield>
  </datafield>
  <datafield tag="082" ind1=" " ind2=" ">
    <subfield code="2">23</subfield>
    <subfield code="a">297.122092</subfield>
    <subfield code="b">HUQ 2002</subfield>
  </datafield>
  <datafield tag="100" ind1="1" ind2=" ">
    <subfield code="a">Hussain, Muhammad Bilal ;;; &#x62D;&#x633;&#x64A;&#x646;&#x60C; &#x645;&#x62D;&#x645;&#x62F; &#x628;&#x644;&#x627;&#x644;</subfield>
    <subfield code="9">437</subfield>
  </datafield>
  <datafield tag="245" ind1="1" ind2="2">
    <subfield code="a">&#x627;&#x644;&#x642;&#x627;&#x636;&#x64A; &#x646;&#x627;&#x635;&#x631; &#x627;&#x644;&#x62F;&#x64A;&#x646; &#x627;&#x644;&#x628;&#x64A;&#x636;&#x627;&#x648;&#x64A; &#x648;&#x623;&#x62B;&#x631;&#x647; &#x641;&#x64A; &#x62A;&#x641;&#x633;&#x64A;&#x631; &#x627;&#x644;&#x642;&#x631;&#x622;&#x646; &#x627;&#x644;&#x643;&#x631;&#x64A;&#x645; /</subfield>
    <subfield code="c">&#x645;&#x62D;&#x645;&#x62F; &#x628;&#x644;&#x627;&#x644; &#x62D;&#x633;&#x64A;&#x646;.</subfield>
  </datafield>
  <datafield tag="246" ind1="3" ind2="3">
    <subfield code="a">&#x627;&#x644;&#x642;&#x627;&#x636;&#x64A; &#x646;&#x627;&#x635;&#x631; &#x627;&#x644;&#x62F;&#x64A;&#x646; &#x627;&#x644;&#x628;&#x64A;&#x636;&#x627;&#x648;&#x64A;</subfield>
  </datafield>
  <datafield tag="246" ind1="3" ind2="3">
    <subfield code="a">&#x642;&#x627;&#x636;&#x64A; &#x646;&#x627;&#x635;&#x631; &#x627;&#x644;&#x62F;&#x64A;&#x646; &#x627;&#x644;&#x628;&#x64A;&#x636;&#x627;&#x648;&#x64A;</subfield>
  </datafield>
  <datafield tag="260" ind1=" " ind2=" ">
    <subfield code="a">&#x627;&#x644;&#x642;&#x627;&#x647;&#x631;&#x629; :</subfield>
    <subfield code="b">&#x62F;&#x627;&#x631; &#x627;&#x644;&#x628;&#x635;&#x627;&#x626;&#x631;&#x60C;</subfield>
    <subfield code="c">&#x662;&#x660;&#x661;&#x660;&#x645; &#x661;&#x664;&#x663;&#x661;&#x647;&#x62C;.</subfield>
  </datafield>
  <datafield tag="300" ind1=" " ind2=" ">
    <subfield code="a">&#x628;[=&#x662;]&#x60C; &#x661;&#x668;&#x664;&#x635;.</subfield>
  </datafield>
  <datafield tag="600" ind1="1" ind2="4">
    <subfield code="a">&#x627;&#x644;&#x628;&#x64A;&#x636;&#x627;&#x648;&#x64A;&#x60C; &#x639;&#x628;&#x62F; &#x627;&#x644;&#x644;&#x647; &#x628;&#x646; &#x639;&#x645;&#x631;&#x60C;</subfield>
    <subfield code="d">&#x62A;&#x648;&#x641;&#x64A; 1286</subfield>
    <subfield code="9">438</subfield>
  </datafield>
  <datafield tag="600" ind1="1" ind2="4">
    <subfield code="a">Bay&#x1E0D;&#x101;w&#x12B;, &#x2BB;Abd All&#x101;h ibn &#x2BB;Umar,</subfield>
    <subfield code="d">-1286?</subfield>
    <subfield code="9">439</subfield>
  </datafield>
  <datafield tag="942" ind1=" " ind2=" ">
    <subfield code="2">ddc</subfield>
    <subfield code="c">BK</subfield>
  </datafield>
  <datafield tag="990" ind1=" " ind2=" ">
    <subfield code="a">universities</subfield>
  </datafield>
  <datafield tag="999" ind1=" " ind2=" ">
    <subfield code="c">79089</subfield>
    <subfield code="d">79089</subfield>
  </datafield>
  <datafield tag="952" ind1=" " ind2=" ">
    <subfield code="0">0</subfield>
    <subfield code="1">0</subfield>
    <subfield code="2">ddc</subfield>
    <subfield code="4">0</subfield>
    <subfield code="7">1</subfield>
    <subfield code="8">NFIC</subfield>
    <subfield code="a">RUCL</subfield>
    <subfield code="b">RUCL</subfield>
    <subfield code="c">Reading</subfield>
    <subfield code="d">2002-11-09</subfield>
    <subfield code="e">Author</subfield>
    <subfield code="g">172.00</subfield>
    <subfield code="l">0</subfield>
    <subfield code="o">A 297.122092 HUQ 2002</subfield>
    <subfield code="r">2021-12-30 00:00:00</subfield>
    <subfield code="t">C-1</subfield>
    <subfield code="w">2021-12-30</subfield>
    <subfield code="y">BK</subfield>
  </datafield>
  <datafield tag="952" ind1=" " ind2=" ">
    <subfield code="0">0</subfield>
    <subfield code="1">0</subfield>
    <subfield code="2">ddc</subfield>
    <subfield code="4">0</subfield>
    <subfield code="7">0</subfield>
    <subfield code="8">NFIC</subfield>
    <subfield code="a">RUCL</subfield>
    <subfield code="b">RUCL</subfield>
    <subfield code="c">GEN</subfield>
    <subfield code="d">2002-11-10</subfield>
    <subfield code="e">Belal Hosain , pro. I.S. R.U.</subfield>
    <subfield code="g">172.00</subfield>
    <subfield code="o">A 297.122092 HUQ 2002</subfield>
    <subfield code="r">2021-12-30 00:00:00</subfield>
    <subfield code="t">C-2</subfield>
    <subfield code="y">BK</subfield>
  </datafield>
  <datafield tag="952" ind1=" " ind2=" ">
    <subfield code="0">0</subfield>
    <subfield code="1">0</subfield>
    <subfield code="2">ddc</subfield>
    <subfield code="4">0</subfield>
    <subfield code="7">0</subfield>
    <subfield code="8">NFIC</subfield>
    <subfield code="a">RUCL</subfield>
    <subfield code="b">RUCL</subfield>
    <subfield code="c">GEN</subfield>
    <subfield code="d">0000-00-00</subfield>
    <subfield code="e">Belal Hosain , pro. I.S. R.U.</subfield>
    <subfield code="g">172.00</subfield>
    <subfield code="l">0</subfield>
    <subfield code="o">A 297.122092 HUQ 2002</subfield>
    <subfield code="r">2022-01-06 00:00:00</subfield>
    <subfield code="t">C-3</subfield>
    <subfield code="w">2022-01-06</subfield>
    <subfield code="y">BK</subfield>
  </datafield>
  <datafield tag="952" ind1=" " ind2=" ">
    <subfield code="0">0</subfield>
    <subfield code="1">0</subfield>
    <subfield code="2">ddc</subfield>
    <subfield code="4">0</subfield>
    <subfield code="7">0</subfield>
    <subfield code="8">NFIC</subfield>
    <subfield code="a">RUCL</subfield>
    <subfield code="b">RUCL</subfield>
    <subfield code="c">GEN</subfield>
    <subfield code="d">2002-11-09</subfield>
    <subfield code="e">Belal Hosain , pro. I.S. R.U.</subfield>
    <subfield code="g">172.00</subfield>
    <subfield code="o">A 297.122092 HUQ 2002</subfield>
    <subfield code="r">2022-01-06 00:00:00</subfield>
    <subfield code="t">C-4</subfield>
    <subfield code="y">BK</subfield>
  </datafield>
  <datafield tag="952" ind1=" " ind2=" ">
    <subfield code="0">0</subfield>
    <subfield code="1">0</subfield>
    <subfield code="2">ddc</subfield>
    <subfield code="4">0</subfield>
    <subfield code="7">0</subfield>
    <subfield code="8">NFIC</subfield>
    <subfield code="a">RUCL</subfield>
    <subfield code="b">RUCL</subfield>
    <subfield code="c">GEN</subfield>
    <subfield code="d">0000-00-00</subfield>
    <subfield code="e">Belal Hosain , pro. I.S. R.U.</subfield>
    <subfield code="g">172.00</subfield>
    <subfield code="o">A 297.122092 HUQ 2002</subfield>
    <subfield code="r">2022-01-06 00:00:00</subfield>
    <subfield code="t">C-5</subfield>
    <subfield code="y">BK</subfield>
  </datafield>
  <datafield tag="952" ind1=" " ind2=" ">
    <subfield code="0">0</subfield>
    <subfield code="1">0</subfield>
    <subfield code="2">ddc</subfield>
    <subfield code="4">0</subfield>
    <subfield code="7">0</subfield>
    <subfield code="8">NFIC</subfield>
    <subfield code="a">RUCL</subfield>
    <subfield code="b">RUCL</subfield>
    <subfield code="c">GEN</subfield>
    <subfield code="d">2002-11-09</subfield>
    <subfield code="e">Belal Hosain , pro. I.S. R.U.</subfield>
    <subfield code="g">172.00</subfield>
    <subfield code="o">A 297.122092 HUQ 2002</subfield>
    <subfield code="r">2022-01-06 00:00:00</subfield>
    <subfield code="t">C-6</subfield>
    <subfield code="y">BK</subfield>
  </datafield>
  <datafield tag="952" ind1=" " ind2=" ">
    <subfield code="0">0</subfield>
    <subfield code="1">0</subfield>
    <subfield code="2">ddc</subfield>
    <subfield code="4">0</subfield>
    <subfield code="7">0</subfield>
    <subfield code="8">NFIC</subfield>
    <subfield code="a">RUCL</subfield>
    <subfield code="b">RUCL</subfield>
    <subfield code="c">GEN</subfield>
    <subfield code="d">2002-11-09</subfield>
    <subfield code="e">Belal Hosain , pro. I.S. R.U.</subfield>
    <subfield code="g">172.00</subfield>
    <subfield code="o">A 297.122092 HUQ 2002</subfield>
    <subfield code="r">2022-01-06 00:00:00</subfield>
    <subfield code="t">C-7</subfield>
    <subfield code="y">BK</subfield>
  </datafield>
  <datafield tag="952" ind1=" " ind2=" ">
    <subfield code="0">0</subfield>
    <subfield code="1">0</subfield>
    <subfield code="2">ddc</subfield>
    <subfield code="4">0</subfield>
    <subfield code="7">0</subfield>
    <subfield code="8">NFIC</subfield>
    <subfield code="a">RUCL</subfield>
    <subfield code="b">RUCL</subfield>
    <subfield code="c">GEN</subfield>
    <subfield code="d">0000-00-00</subfield>
    <subfield code="e">Belal Hosain , pro. I.S. R.U.</subfield>
    <subfield code="g">172.00</subfield>
    <subfield code="o">A 297.122092 HUQ 2002</subfield>
    <subfield code="r">2022-01-06 00:00:00</subfield>
    <subfield code="t">C-8</subfield>
    <subfield code="y">BK</subfield>
  </datafield>
  <datafield tag="952" ind1=" " ind2=" ">
    <subfield code="0">0</subfield>
    <subfield code="1">0</subfield>
    <subfield code="2">ddc</subfield>
    <subfield code="4">0</subfield>
    <subfield code="7">0</subfield>
    <subfield code="8">NFIC</subfield>
    <subfield code="a">RUCL</subfield>
    <subfield code="b">RUCL</subfield>
    <subfield code="c">GEN</subfield>
    <subfield code="d">0000-00-00</subfield>
    <subfield code="e">Belal Hosain , pro. I.S. R.U.</subfield>
    <subfield code="g">172.00</subfield>
    <subfield code="o">A 297.122092 HUQ 2002</subfield>
    <subfield code="r">2022-01-06 00:00:00</subfield>
    <subfield code="t">C-9</subfield>
    <subfield code="y">BK</subfield>
  </datafield>
  <datafield tag="952" ind1=" " ind2=" ">
    <subfield code="0">0</subfield>
    <subfield code="1">0</subfield>
    <subfield code="2">ddc</subfield>
    <subfield code="4">0</subfield>
    <subfield code="7">0</subfield>
    <subfield code="8">NFIC</subfield>
    <subfield code="a">RUCL</subfield>
    <subfield code="b">RUCL</subfield>
    <subfield code="c">GEN</subfield>
    <subfield code="d">0000-00-00</subfield>
    <subfield code="e">Belal Hosain , pro. I.S. R.U.</subfield>
    <subfield code="g">172.00</subfield>
    <subfield code="o">A 297.122092 HUQ 2002</subfield>
    <subfield code="r">2022-01-06 00:00:00</subfield>
    <subfield code="t">C-10</subfield>
    <subfield code="y">BK</subfield>
  </datafield>
</record>
